[Event "Nanjing Pearl Spring 1st"]
[Site "Nanjing"]
[Date "2008.12.20"]
[Round "9"]
[White "Svidler, Peter"]
[Black "Topalov, Veselin"]
[Result "0-1"]
[WhiteElo "2727"]
[BlackElo "2791"]
[Annotator "Kritz,L"]
[PlyCount "72"]
[EventDate "2008.12.11"]
[EventType "tourn"]
[EventRounds "10"]
[EventCountry "CHN"]
[EventCategory "21"]
[SourceTitle "CBM 128"]
[Source "ChessBase"]
[SourceDate "2009.01.28"]
[SourceVersion "1"]
[SourceVersionDate "2009.01.28"]
[SourceQuality "1"]

1. e4 c6 2. d4 d5 3. e5 Bf5 4. Nf3 e6 5. Be2 c5 $1 {Das ist die Fortsetzung,
die zum Ausgleich führt.} 6. Be3 Nd7 (6... cxd4 $5 {Zuletzt hat Schwarz keine
großen Probleme in dieser Variante gehabt.} 7. Nxd4 Ne7 8. Bg5 (8. c4 Nbc6 9.
Qa4 a6 10. Nc3 dxc4 11. O-O-O Bd3 12. Bxd3 cxd3 13. Rxd3 Qa5 14. Qb3 Nb4 15.
Rdd1 Ned5 $11 {Efimenko - Macieja (Plovdiv, 2008)}) 8... Qd7 9. Bxe7 Bxe7 10.
Nxf5 exf5 11. Bf3 (11. Nd2 Nc6 12. Nf3 O-O 13. O-O Rad8 14. Re1 Rfe8 15. Qd2
Bc5 $132 {Nijboer - Erenburg (Dieren, 2006). Der Bauer e5 ist genauso schwach
wie der Bauer d5.}) 11... Qb5 $1 (11... d4 $6 {Man sollte dem weißen Läufer
nicht so viel Platz machen.} 12. O-O Nc6 13. Bxc6 bxc6 14. Qd3 Rb8 15. b3 Rb5
16. Qg3 O-O 17. Nd2 Bb4 18. Nc4 Bc3 19. Rad1 $14 {Volokitin - Bareev (Warsaw,
2002)}) 12. Qxd5 Qxb2 13. O-O Nc6 14. Qb3 (14. Nd2 Rd8 15. Qb3 Qxb3 16. Nxb3
Kd7 $11 {Mamedov - Rodshtein (Plovdiv, 2008)}) 14... Qxb3 15. axb3 Kd7 16. Nc3
Rhd8 17. Rfd1+ Ke6 $11 {Almasi - Vallejo Pons (Heviz, 2008)}) 7. Nbd2 ({
Als Hauptzug gilt hier} 7. O-O {mit der Idee c4 durchzusetzen.} Ne7 (7... c4 8.
Nc3 $14 {Der Springer auf c3 verhindert ...b5.}) 8. c4 cxd4 9. Nxd4 Bxb1 (9...
Nxe5 10. cxd5 Qxd5 11. Qa4+ Qd7 12. Bb5 N5c6 13. Nc3 $44) 10. Rxb1 Nxe5 (10...
dxc4 11. Bxc4 Nxe5 12. Qa4+ N5c6 13. Rfd1 $18) 11. Qa4+ Nd7 (11... Qd7 12. Nb5
N5c6 13. Rbd1 $44) 12. Bf3 Nc8 13. cxd5 Ncb6 14. Qb3 e5 15. Ne6 $3 Qb8 (15...
fxe6 16. dxe6 Nf6 17. Qb5+ Ke7 18. Qxe5 $18) 16. Rbc1 $18 {Almasi - Berkes 
(Hungary, 2006)}) 7... c4 $5 {Dieser Zug kam in der Praxis nur zwei Mal vor.
Interessant ist der Versuch auf jedem Fall - Schwarz schließt den Damenflügel
und das Zentrum, so dass Weiß wenig Platz zum agieren hat.} 8. a4 $6 {Der
ganze Plan mit der Durchführung von b3 scheint mir verdächtig zu sein. Ich
würde das von Rublevsky gespielte 8.0-0 bevorzugen.} (8. O-O $1 b5 9. Ne1 Bg6
10. g4 Bb4 11. c3 Ba5 12. Ng2 Ne7 13. Nf4 $14 {Rublevsky - Dreev (Sochi, 2005).
Weiß spielt, wo er spielen muss - am Königsflügel. Seine Hauptidee ist es,
später f5 durchzusetzen.}) 8... h6 {In diesen Varianten sichert Schwarz mit
diesem Zug den Läufer f5 ab.} 9. b3 $2 {Wenn man den Plan mit b3 spielen will,
muss man ihn vorbereiten. Die Alternative 9.0-0 ist nicht mehr so gut.} (9. O-O
Ne7 $1 10. Ne1 Bh7 $1 11. g4 $6 {Sonst kommt 11....Nf5.} h5 12. h3 hxg4 13.
hxg4 Nc6 $15 {Die weiße Stellung fällt auseinander.}) (9. c3 $1 Ne7 10. b3 {
Jetzt ist es eine andere Sache - Weiß nimmt mit der Dame auf b3 und entwickelt
eine Initiative.} cxb3 11. Qxb3 Nc6 $5 12. Qxb7 $5 (12. O-O Na5 13. Qb2 Be7 14.
c4 $132) 12... Rb8 13. Qxc6 Rb6 14. Qb5 a6 (14... Rxb5 15. axb5 Qb8 16. O-O $14
) 15. Qxa6 Rxa6 16. Bxa6 Qa5 17. Bb5 Qxc3 18. O-O $132 {Die Stellung ist
ziemlich unklar. Ich denke, dass Weiß zumindest nicht schlechter steht.}) 9...
cxb3 10. Nxb3 (10. cxb3 Bb4 $15 {Und man landet in einer für Schwarz
superguten französischen Stellung.}) (10. c4 $5 {Ein verrückt aussehender
Versuch, doch macht er Sinn.} b2 (10... Bc2 11. Qc1 Bb4 12. O-O Ne7 13. Qb2
dxc4 14. Bxc4 Rc8 15. Rac1 Bxd2 16. Nxd2 O-O 17. Bxb3 Bxb3 18. Rxc8 Qxc8 19.
Rc1 Qb8 20. Qxb3 Rc8 21. Nc4 $11) 11. Ra2 Qb6 12. O-O dxc4 13. Bxc4 (13. Nxc4
b1=Q $19) 13... Qb4 14. Qb3 b1=Q 15. Nxb1 Rc8 16. Qxb4 Bxb4 17. Nbd2 Nb6 $11 {
Weiß steht nirgends besser, aber zumindest hat er Ausgleich. In der Partie man
hat das Gefühl, dass das Spiel auf ein Tor verlief.}) 10... Rc8 (10... Bb4+ 11.
Bd2 Bxd2+ 12. Nfxd2 Ne7 13. O-O O-O 14. c4 $11) 11. Ra2 Qc7 12. Bd3 (12. O-O
Bxc2 $19 {Das Problem ist nicht, dass der Bauer c2 hängt - das Problem ist,
dass der Nb3 ebenfalls hängt!}) 12... Bxd3 13. Qxd3 ({Auch} 13. cxd3 {bringt
Weiß in Nachteil.} Bb4+ 14. Bd2 Bxd2+ 15. Qxd2 Ne7 16. O-O Qc3 $15) 13... Ne7 {
Schwarz spielt sehr genau. Das Schach auf b4 bietet sich an, um die
Entwicklung schneller zu beenden, doch aus strategischer Sicht ist es richtig,
die schwarzfeldrigen Läufer nicht abzutauschen.} (13... Bb4+ $6 14. Bd2 Bxd2+
15. Nfxd2 Ne7 16. O-O O-O 17. a5 $11) 14. O-O Qc4 15. Rb1 (15. Qd1 Nf5 16. Nfd2
Qc7 17. Nf3 Be7 $15) 15... b6 ({Schlecht ist der Damentausch} 15... Qxd3 16.
cxd3 b6 {,} {denn nach} 17. a5 $132 {bekommt Weiß gutes Spiel gegen die
schwarzen Bauern des Damenflügels.}) 16. Qf1 (16. a5 $5 {Gab Weiß die
Gelegenheit, aktiv zu werden.} b5 17. a6 $8 {Sonst spielt Schwarz selbst a6.}
Nc6 18. Qxc4 dxc4 (18... bxc4 19. Na5 Rb8 20. Rb7 Rxb7 21. axb7 Nd8 22. Nxc4 $3
dxc4 23. Rxa7 Bb4 24. Ra8 $18) 19. Na5 Nb4 (19... Nxa5 20. Rxa5 b4 21. d5 exd5
(21... Bc5 22. dxe6 fxe6 23. Bxc5 Rxc5 24. Rxc5 Nxc5 25. Rxb4 Nxa6 26. Rxc4 Kd7
27. Ra4 Rb8 28. Kf1 Rb6 29. Nd4 $18) 22. Bxa7 $16) 20. Rab2 Nd5 21. Rxb5 Nc3
22. Nd2 Nxb5 23. Rxb5 Nb8 24. Naxc4 Nxa6 25. Ra5 Rc6 26. c3 Be7 27. Kf1 O-O 28.
Ke2 Rfc8 29. Kd3 $15 {Beide Seiten sind von gegnerischen Figuren gefesselt,
doch Schwarz hat noch Potential mittels R8c7-Nb8-Nd7-Nb6.}) 16... Nc6 17. c3 (
17. Qxc4 dxc4 18. Nbd2 Nb4 19. Ra3 Nd5 $15) 17... Qxc3 $1 {Für den Bauern hat
Weiß keine ausreichende Kompensation. Wenn Schwarz auf c3 nicht nehmen würde,
dann hätte Weiß die Option auf c4 zu nehmen.} (17... Be7 18. Qxc4 dxc4 19. Nbd2
{Jetzt ist dem schwarzen Springer das Feld b4 genommen.} Na5 20. Ne4 $132) 18.
a5 (18. Qd1 Qc4 19. Rc2 Qxa4 20. Nfd2 Be7 $17) 18... Be7 (18... Nb4 {Sieht
sogar stärker aus!} 19. Ra4 (19. Bd2 Qc4 20. Bxb4 Qxf1+ 21. Kxf1 Bxb4 22. axb6
axb6 23. Na1 Bc3 24. Ra7 Ke7 25. Nc2 Ra8 $19) 19... Qc4 20. Qd1 b5 21. Nbd2 (
21. Rc1 bxa4 22. Rxc4 Rxc4 23. Nbd2 Rc2 24. Ne1 Ra2 $17) 21... Qc3 22. Raa1 Qc6
23. Rc1 Qa6 24. Rxc8+ Qxc8 $17 {Schwarz behält den Bauern und Weiß den
schlechten Läufer.}) 19. axb6 axb6 20. Qd1 Qc4 (20... O-O {Das Damenopfer
bringt ebenfalls Vorteil.} 21. Rc2 Qb4 22. Nc5 bxc5 23. Rxb4 Nxb4 24. Rb2 c4
$15 {Und wenn Weiß jetzt taktische Tricks versucht} 25. Rxb4 Bxb4 26. Qa4 Ra8
27. Qxb4 Ra1+ 28. Ne1 Rb8 29. Qc3 Rbb1 $19 {wird er gnadenlos dafür bestraft.})
21. Nc1 {Üblicherweise ist es ein schlechtes Zeichen, wenn man solche Züge
spielen muss.} Nb4 22. Ra7 (22. Rab2 Nc2 23. Nd3 O-O $19 {Schwarz hat einen
gesunden Mehrbauern.}) 22... Qc2 $1 {Richtige Entscheidung - sind die Damen
vom Brett, ist die Stellung gewonnen.} 23. Qxc2 Nxc2 24. Bd2 Na3 25. Ra1 Nc4
$19 {Weiß ist chancenlos.} 26. Rb7 (26. Nd3 Nb8 27. Rb7 Nc6 $19) 26... Nb8 27.
Ra8 O-O 28. Raxb8 Nxd2 {Auch die Taktik ist auf der Seite von Schwarz!} (28...
Rxb8 $2 29. Rxe7 $132) 29. Rxc8 Nxf3+ 30. gxf3 Rxc8 31. Ne2 (31. Rxe7 Rxc1+ 32.
Kg2 Rc4 33. Rb7 Rxd4 34. Rxb6 g5 $19 {Das Turmendspiel ist absolut gewonnen.})
31... Bd8 32. f4 g6 33. Kg2 Kf8 34. Kf3 Ra8 35. Ke3 Ra3+ 36. Kd2 Bh4 0-1

[Event "Sofia MTel Masters 5th"]
[Site "Sofia"]
[Date "2009.05.16"]
[Round "4"]
[White "Topalov, Veselin"]
[Black "Wang, Yue"]
[Result "1-0"]
[WhiteElo "2812"]
[BlackElo "2738"]
[Annotator "Rogozenco,D"]
[PlyCount "65"]
[EventDate "2009.05.13"]
[EventType "tourn"]
[EventRounds "10"]
[EventCountry "BUL"]
[EventCategory "21"]
[SourceTitle "CBM 131"]
[Source "ChessBase"]
[SourceDate "2009.07.15"]
[SourceVersion "1"]
[SourceVersionDate "2009.07.15"]
[SourceQuality "1"]

1. d4 d5 2. c4 c6 3. Nf3 Nf6 4. Nc3 dxc4 5. a4 Bf5 6. Ne5 Nbd7 7. Nxc4 Nb6 8.
Ne5 a5 9. f3 Nfd7 10. e4 Nxe5 11. dxe5 (11. exf5 {offers prospects of a slight
advantage (Huebner,R): bietet Aussichten auf einen leichten Vorteil (Huebner,R)
:} Nec4 (11... Ned7) 12. Qb3 Nd6 13. Bd3 g6 14. g4 Bg7 15. Be3 Nd7 16. O-O-O
Qb6 17. Qxb6 Nxb6 $11 {1/2-1/2 Carlsen,M (2770)-Wang Yue (2738)/Leon 2009 (47)}
) 11... Qxd1+ 12. Kxd1 Be6 13. Kc2 f6 (13... Bc4 14. Bxc4 (14. Be3 Bxf1 15.
Rhxf1 $14) 14... Nxc4 15. e6 fxe6 16. b3 Nd6 17. e5 Nf7 18. Re1 $44 {0-1
Berczes,D (2232)-Carlsen,M (2250)/Heraklio 2002 (57)}) 14. Rb1 Nd7 $146 (14...
fxe5 15. b4 Nc4 16. bxa5 (16. Bxc4 Bxc4 17. bxa5 O-O-O 18. Rd1 Rxd1 19. Nxd1 e6
20. Ne3 Ba6 21. Ng4 Bd6 22. Bb2 Rd8 23. Rd1 h5 24. Nxe5 Bxe5 25. Bxe5 Rxd1 26.
Kxd1 g6 $11 {1/2-1/2 Vallejo Pons,F (2629)-Kasparov,G (2847)/Linares 2003 (41)}
) 16... Nxa5 17. Be3 Bc4 18. Bb6 Bxf1 19. Rhxf1 Nc4 20. Kd3 $14 {1-0 Berkes,F 
(2614)-Kiss,P (2394)/Hungary 2005 (32)}) 15. b4 $1 (15. exf6 $6 exf6 $15) 15...
Nxe5 (15... axb4 16. Rxb4 O-O-O 17. Be3 Nxe5 18. a5 $40 {[%cal Ga5a6,Gf1e2,
Gh1b1]}) 16. bxa5 Bc8 (16... O-O-O $2 17. a6 $18) 17. a6 $1 bxa6 18. a5 {
Black's queenside is very weak, he has problems completing his development and
finding any activity. Therefore White's compensation for the pawn is more than
enough and secures him better prospects.} Nd7 (18... Be6 19. Rb6 Bc4 20. Bf4
Bxf1 21. Rxf1 Nc4 22. Rxc6 Nxa5 23. Rc7 e5 24. Bd2 $16 {[%csl Ra5][%cal Gc3d5]}
) 19. Na4 e5 (19... Rb8 20. Rxb8 Nxb8 21. Nb6 Bb7 22. Bc4 e5 23. Be3 $16) 20.
Bc4 Bc5 (20... Bd6 21. Be3 Ke7 22. Rhd1 $44) 21. Rd1 ({A good alternative was} 
21. Nxc5 Nxc5 22. Rb6 $44) 21... Bd4 22. Ba3 c5 23. Rb3 h5 24. Rdb1 Ke7 25. Bd5
Ra7 26. Rb6 $1 Rc7 $2 {The decisive mistake.} ({Necessary was} 26... Nxb6 27.
axb6 Rd7 {and White has nothing forced. After} 28. Bxc5+ Bxc5 29. Nxc5 Rxd5 $1
30. exd5 Bf5+ 31. Ne4 Rb8 {Black retains good chances of escaping with a draw.}
) 27. Re6+ Kd8 28. Nb6 $18 Nxb6 (28... Ra7 29. Kd3 $5 Bb7 30. Kc4 $18) 29. axb6
Rb7 30. Rd6+ $1 Ke7 31. Rc6 Rd7 32. Re6+ Kf7 33. b7 1-0

[Event "Sofia MTel Masters 5th"]
[Site "Sofia"]
[Date "2009.05.22"]
[Round "9"]
[White "Topalov, Veselin"]
[Black "Ivanchuk, Vassily"]
[Result "1-0"]
[WhiteElo "2812"]
[BlackElo "2746"]
[Annotator "Marin,M"]
[PlyCount "161"]
[EventDate "2009.05.13"]
[EventType "tourn"]
[EventRounds "10"]
[EventCountry "BUL"]
[EventCategory "21"]
[SourceTitle "CBM 131"]
[Source "ChessBase"]
[SourceDate "2009.07.15"]
[SourceVersion "1"]
[SourceVersionDate "2009.07.15"]
[SourceQuality "1"]

1. e4 e5 2. Nf3 Nc6 3. Bb5 a6 4. Ba4 Nf6 5. O-O Be7 6. Re1 b5 7. Bb3 d6 8. c3
O-O 9. h3 Na5 10. Bc2 c5 11. d4 Qc7 12. d5 {This move is frequently played,
with the aim of avoiding the lines based on ...cxd4. Personally, I feel that
this release of the tension in the centre is premature.} Bd7 {I consider this
natural developing move to be the best.} ({The immediate attempt to improve
the queen's knight position with} 12... Nc4 {succeeds only partially:} 13. b3
Nb6 14. a4 Bd7 15. a5 Nc8 {I do not feel that the knight is much better placed
here than it was on a5. Besides, White has managed to win much space on the
queenside.} 16. Nbd2 g6 17. Nf1 Nh5 18. Bh6 Re8 19. Qd2 Bf6 20. Ng3 Nxg3 21.
fxg3 Bg7 22. Rf1 f6 23. Be3 Ne7 24. g4 Rf8 25. Kh2 Rae8 26. Nh4 Qc8 27. b4 c4
28. Rf3 Rf7 29. Raf1 Ref8 {Black has managed to regroup, but his position
remains passive.} 30. Bh6 $6 ({Shipov reccomends} 30. Nf5 $5 gxf5 31. gxf5 {
[%cal Gg2g4,Gh3h4] with enduring pressure, despite the big material
disadvantage. In this line, the black knight remains passive all the same.})
30... g5 $1 $11 {Bacrot,E (2728)-Svidler,P (2726)/Nalchik 2009/CBM 131 (1/2,
36)}) (12... c4 $6 {is premature because of} 13. b4 $1 {In this line, it is
important that the c3-pawn is defended.}) 13. b3 {This is the most consistent
continuation, aiming to keep the a5-knight out of play.} (13. Nbd2 {is met by}
c4 $132 {[%cal Ga5b7,Gb7c5]} 14. Nf1 (14. b4 $2 cxb3 $1 {[%csl Gc3]}) 14... Nb7
15. g4 (15. N3h2 {Karjakin,S (2645)-Aleksandrov,A (2630)/Saint Vincent 2005/
CBM 110/[Marin,M] (1/2, 31)}) 15... h5 {Sulskis,S (2528)-Efimenko,Z (2620)/
Dresden 2007/CBM 118 [Marin] (0-1, 74)} (15... Ne8 {Harikrishna,P (2673)
-Fressinet,L (2624)/Pamplona 2005/CBM 111/[Marin,M] (1-0, 41)})) 13... c4 $6 {
I find it hard to justify such an early opening of the queenside.} ({When
facing this position, I played} 13... Rab8 {intending to discourage an
eventual break with a4 and waiting for White to develop his knight in order to
continue with ...g6 and Nh5 without fearing Bh6.} 14. Be3 (14. a4 $6 bxa4 15.
bxa4 {>< b3}) (14. Nbd2 g6 15. Nf1 Nh5) 14... g6 ({As we shall find out from a
further line, it is better to transfer the knight to g7 via h5 rather than with
} 14... Ne8) 15. Nbd2 ({I was slightly worried about} 15. Bh6 $5 {but after}
Rfe8 16. Nbd2 Nh5 {Black would have an extra-tempo compared to the line
starting with 13...g6 below.}) 15... Nh5 16. Bh6 Ng7 ({In fact, even here} 
16... Rfe8 $5 17. Nf1 Bf8 {came into consideration.}) 17. Nf1 Nb7 {The knight
initiates its voyage to f7.} 18. g4 Nd8 19. Ng3 f6 20. Nh2 Nf7 21. Be3 Kh8 (
21... a5 $5) 22. Qd2 (22. f4 f5 $5 $132 {/\ Bh4}) 22... Qc8 (22... a5 $5) 23.
f4 exf4 (23... f5 24. exf5 gxf5 25. g5 $1) 24. Bxf4 Ne5 25. Rf1 a5 $11 {
Maze,S (2455)-Marin,M (2540)/Moscow 2005 (1/2, 34)}) 14. Ba3 $146 {[%cal Gf3e5]
An interesting novelty.} ({In fact, there is nothing wrong with the natural} 
14. b4 Nb7 15. Be3 $6 ({White should start fighting for the a-file with} 15. a4
$1 {since} a5 {fails to equalize after} 16. axb5 axb4 17. Rxa8 Rxa8 18. cxb4
Bxb5 19. Na3 $14 {[%csl Gb7]}) 15... a5 16. a3 axb4 $6 {Black should not help
White clear the c3-square for his knight.} ({Once he has avoided queenside
problems, he should have switched to Rubinstein's old plan} 16... Ne8 17. Nbd2
g6 18. Nf1 Ng7 19. g4 f6 20. Ng3 Nd8 21. Qd2 Nf7 $11 {[%cal Ga8a6,Gf8a8]}) 17.
cxb4 $14 {[%cal Gb1c3]} c3 $6 18. Bg5 h6 19. Bxf6 Bxf6 20. Re3 $16 {Kasparov,G
(2715)-Comp Meph Experimental/Hamburg 1985/EXT 2002 (1-0, 55)}) 14... Bd8 {
This is the only way to parry the threat.} (14... Rfe8 $2 15. Nxe5 dxe5 16.
Bxe7 Rxe7 17. d6 $18) 15. Nbd2 Ne8 16. Bb4 cxb3 $6 {Opening the a-file leads
to trouble with the a5-knight.} ({Before anything, Black should have continued
his regrouping with} 16... g6 17. Qe2 Ng7) 17. axb3 Nb7 18. Qe2 $1 {White
prepares to put up pressure against the b5-pawn, in order to discourage ...a5.}
Qb8 (18... a5 19. Ba3 Qxc3 20. Bd3 $16 {[%cal Ge1c1,Gd3b5] Black is very
poorly coordinated.}) ({It is too late for} 18... g6 19. c4 a5 20. Ba3 $1 $16 {
[%csl Gc1]} (20. Rec1 Rb8 $1 21. Bc3 b4 22. Bb2 Nc5 $15) 20... Rc8 {[%cal
Gb5b4]} 21. cxb5 $1 Qxc2 22. Rec1 $18) 19. Ba3 $1 {[%csl Gb7][%cal Gb3b4]} (19.
c4 a5 20. Bc3 b4 21. Bb2 Nc5 $15) 19... Bb6 {Black has activated his bishop,
but this is not the highest priority in the Chigorin Ruy Lopez. It is the
knights he should be concerned in the first line. The bishop's activity is
rather sterile, while the knights cause problems of coordination.} (19... Na5
20. b4 $16) 20. b4 Nc7 {This looks ugly, but Black needed to consolidate the
b5-square.} ({It was too late for reaching a harmonious development with} 20...
g6 21. c4 Ng7 22. Bb2 f6 {[%cal Gb7d8,Gd8f7] because of} 23. cxb5 Bxb5 24. Bd3
$16 {and the queenside is vulnerable.}) 21. Bd3 $14 (21. c4 $1 $16 {seems to
pose even bigger problems, because of the permanent threat of c5.}) 21... a5 $1
{Black reduces the damage. He still gets a weak pawn on b5, but at least there
will be no c4-c5 hanging around.} 22. Nf1 axb4 23. cxb4 f6 24. Ne3 g6 25. Bb2
Rxa1 26. Rxa1 Nd8 27. Nd2 Nf7 {The bad knight has been transferred to a
relatively favourable square, but the other (usually good) knight stands
miserably.} 28. Kh2 Qd8 ({Black cannot regroup with} 28... Ba7 29. Rf1 Ne8 30.
Nb1 Ng7 {because of} 31. Na3 $16 {, winning the weak pawn.}) 29. Rf1 Qe7 30.
Bc1 Ra8 31. Nb1 Bd4 32. Nc2 Bb6 33. Nc3 {The b5-pawn is almost doomed, which
forces Black open the other wing.} f5 34. exf5 gxf5 35. f4 $1 $14 {White has
stabilized the position and remains better coordinated. The problem is that
Black cannot release the tension, because this would give White free hands to
grab the b5-pawn.} Rc8 {A slightly mysterious move.} (35... Qf6 {has been
recommended, but White remains in control after} 36. Be3 e4 37. Bxb5 Nxb5 38.
Nxb5 Bxe3 39. Nxe3 Rb8 40. Na3 Rxb4 41. Nac2 Rb3 42. Ra1 $14 {White has the
safer king and the more active minor pieces.}) 36. Be3 Bxe3 37. Qxe3 (37. Nxe3
$5 $14 {comes into consideration, since} exf4 $6 {can be met by} 38. Nxf5 $1 (
38. Rxf4 $2 Qe5) 38... Qxe2 39. Nxe2 Nxd5 40. Nxf4 $16) 37... Ne8 38. Be2 Qf6
39. Qd2 exf4 $6 {Ivanchuk probably thought that this is a good moment to start
his counterattack, overlooking White's 41st move.} 40. Nd4 Qe5 41. Bxb5 $1 {
It appears that the discovered check is not dangerous for White.} ({Black may
have counted with} 41. Kh1 Nf6 $36) 41... f3+ 42. Kg1 Bxb5 43. Ncxb5 fxg2 44.
Rxf5 $16 {White is more active and will be a pawn up soon.} Qe4 45. Nc3 Qh4 46.
Qxg2+ Kh8 47. Nce2 Nf6 48. Rf4 Qh6 49. Nf5 Qf8 50. Ned4 Ne5 51. b5 Qg8 52. Ne7
Rc1+ 53. Kh2 Qxg2+ 54. Kxg2 Nfd7 55. Ndf5 Nc4 56. Rg4 Nf6 57. Rg3 Rc2+ 58. Kg1
Rc1+ 59. Kh2 Rc2+ 60. Rg2 Rxg2+ 61. Kxg2 Ne4 62. Nc8 Nc3 63. Ncxd6 Nb6 64. Ne3
Kg7 65. Kf3 Kf8 66. Kf4 Ke7 67. Ndc4 Nxc4 68. Nxc4 Nxd5+ 69. Kg5 Kd7 70. h4 Ne7
71. Kf6 Ng6 72. Ne5+ Nxe5 73. Kxe5 Kc7 74. h5 Kb6 75. Kf6 Kxb5 76. Kg7 Ka4 77.
Kxh7 Kb3 78. h6 Ka2 79. Kg6 Kb1 80. h7 Kc2 81. h8=Q 1-0